La administración en la iglesia cristiana: orientación para pastores, líderes, maestros y consejeros
Gespeichert in:
| 1. Verfasser: | |
|---|---|
| Format: | Buch |
| Sprache: | Spanisch |
| Veröffentlicht: |
Miami
Vida
1982
|
| Schlagworte: | |
| Tags: |
Tag hinzufügen
Keine Tags, Fügen Sie den ersten Tag hinzu!
|
MARC
| LEADER | 00000nam a2200000 a 4500 | ||
|---|---|---|---|
| 001 | UCM8187 | ||
| 003 | CL-VaPUC | ||
| 008 | 030124e19820000US |||||||||||||||||spa|d | ||
| 082 | 0 | 4 | |a 254 |b CAL |2 21 |
| 100 | 0 | |a Calderón, Wilfredo |e author |9 474142 | |
| 245 | 1 | 3 | |a La administración en la iglesia cristiana: orientación para pastores, líderes, maestros y consejeros |
| 300 | |a 175 p | ||
| 942 | |c BK | ||
| 945 | |d 20030124 00:00:00 |a cmena | ||
| 260 | |a Miami |b Vida |c 1982 | ||
| 650 | 0 | |a Iglesias |9 352850 | |
| 650 | 0 | |a Gestión administrativa |9 375217 | |
| 650 | 0 | |a Relaciones públicas |9 331772 | |
| 583 | |a last modification |c 20030124 00:00:00 |k Rodrigo Vera | ||
| 999 | |c 302765 |d 302763 | ||
| 952 | |0 0 |1 0 |4 0 |6 254_000000000000000_CAL_1982 |7 0 |8 A |9 363496 |a BIBHIS |b BIBHIS |d 2019-11-21 |i 3879704 |o 254 CAL 1982 |p 3879704 |r 2025-01-20 |w 2019-11-21 |y BK |k HIS | ||